[Event "Wroclaw Anderssen Memorial op-C"]
[Site "Wroclaw"]
[Date "2023.??.??"]
[Round "9"]
[White "Barteckova, Nikol"]
[Black "Skalany, Jakub"]
[Result "0-1"]
[WhiteElo "1226"]
[BlackElo "1120"]
[PlyCount "118"]
[EventDate "2023.08.06"]
[EventType "swiss"]
[EventRounds "9"]
[EventCountry "POL"]
[SourceTitle "EXT 2024"]
[Source "ChessBase"]
[SourceDate "2023.10.10"]
[SourceVersion "1"]
[SourceVersionDate "2023.10.10"]
[SourceQuality "1"]

1. e4 c5 2. c3 d5 3. exd5 Qxd5 4. d4 Nc6 5. Nf3 Bg4 6. Be2 Nf6 7. 0-0 Rd8 8. Be3 cxd4 9. cxd4 e6 10. Nc3 Qd7 11. Qb3 Bd6 12. Nb5 0-0 13. Nxd6 Qxd6 14. Rfd1 Rd7 15. h3 Bh5 16. Rac1 Nd5 17. a3 Rc8 18. Qd3 Bg6 19. Qd2 Rdc7 20. b4 Nce7 21. Rxc7 Rxc7 22. Rc1 Nxe3 23. Qxe3 Nd5 24. Rxc7 Qxc7 25. Qe5 Kf8 26. Qxc7 Nxc7 27. Ne5 Ke7 28. Kf1 Kd6 29. Bf3 Nb5 30. Bxb7 Nxa3 31. Ba6 Nc2 32. Nf3 Nxb4 33. Bc4 Bd3+ 34. Bxd3 Nxd3 35. Ke2 Nf4+ 36. Kf1 f6 37. h4 Kd5 38. g3 Nd3 39. Ke2 Ke4 40. Nd2+ Kxd4 41. Nb3+ Kc3 42. Na5 Nc5 43. Ke3 Nb3 44. Nc6 a5 45. Nxa5 Nxa5 46. Ke4 Nc6 47. f4 f5+ 48. Ke3 Kc4 49. Kf3 h5 50. Ke3 Kd5 51. Kd3 Nb4+ 52. Ke3 Nc2+ 53. Kd3 Ne1+ 54. Ke3 Ng2+ 55. Kf3 Nxh4+ 56. gxh4 e5 57. fxe5 Kxe5 58. Ke3 f4+ 59. Kf3 Kf5 0-1